Hold on, Mr. President-- /

Bibliographic Details
Main Author: Donaldson, Sam, 1934-
Format: Book
Language:English
Published: New York : Random House, [1987]
Edition:1st ed.
Subjects:

MARC

Tag First Indicator Second Indicator Subfields
LEADER 00000cam a2200000 a 4500
001 in00000011587
005 20160108111455.0
008 860424s1987 nyuaf 00110aeng
010 |a  86010132  
020 |a 0394553934 :  |c $17.95 
035 |a (OCoLC)13558985 
035 |9 AAA4127AM 
040 |a DLC  |c DLC  |d TXA  |d UtOrBLW 
043 |a n-us--- 
049 |a TXAM  |c [A12640928] 
050 0 0 |a PN4874.D66  |b A3 1987 
082 0 |a 070/.92/4  |a B  |2 19 
100 1 |a Donaldson, Sam,  |d 1934- 
245 1 0 |a Hold on, Mr. President-- /  |c Sam Donaldson. 
250 |a 1st ed. 
264 1 |a New York :  |b Random House,  |c [1987] 
264 4 |c ©1987 
300 |a ix, 260 pages, 8 unnumbered pages of plates :  |b illustrations ;  |c 25 cm. 
336 |a text  |b txt  |2 rdacontent 
337 |a unmediated  |b n  |2 rdamedia 
338 |a volume  |b nc  |2 rdacarrier 
500 |a Includes index. 
600 1 0 |a Donaldson, Sam,  |d 1934- 
650 0 |a Journalists  |z United States  |v Biography. 
650 0 |a Television broadcasting of news  |z United States. 
650 0 |a Presidents  |z United States  |x History  |y 20th century. 
999 |a MARS 
999 f f |s 1ec9b690-0b8a-33fe-b98a-aade4dabdd50  |i f3ff54cd-1a96-3a0f-9c2b-fe3fad192aa5  |t 0 
952 f f |p ric  |a Texas A&M University  |b Rellis Campus  |c Joint Library Facility  |d Remote Storage  |t 0  |e PN4874.D66 A3 1987  |h Library of Congress classification  |i unmediated -- volume  |m A14812640928 
998 f f |a PN4874.D66 A3 1987  |t 0  |l Remote Storage